000 00786nam a2200253Ia 4500
003 OSt
005 20220928114157.0
006 a|||||r|||| 00| 0
007 ta
008 220927b |||||||| |||| 00| 0 eng d
020 _a9781350153882
_cUKP 28.99
024 _a146293
037 _b14489, 24/12/2021, Elite Publishers Distributors
_cTextual
040 _aSDCL
_cSDCL
_beng
041 _2eng
_aeng
082 _aV3:17, R0
100 _aPorter Bernard
_9437322
245 0 _aEmpire ways
_b Aspects of British imperialism
260 _aNew Delhi
_bBloomsbury Academic
_c2020
300 _aviii,290p.
_ccm.
650 _aHistory
942 _hV3:17, R0
_cTEXL
_2CC
999 _c753272
_d753272